Observation of the semileptonic decay B+→pp¯¯¯μ+νμ; Journal of High Energy Physics; Vol. 2020, iss. 3

Bibliografiska uppgifter
Parent link:Journal of High Energy Physics
Vol. 2020, iss. 3.— 2020.— [146, 21 p.]
Institutionella upphovsmän: Национальный исследовательский Томский политехнический университет Исследовательская школа физики высокоэнергетических процессов, Национальный исследовательский Томский политехнический университет Инженерная школа информационных технологий и робототехники Отделение автоматизации и робототехники (ОАР)
Övriga upphovsmän: Aaij R. Roel, Beteta C. A. Carlos Abellan, Kharisova A. E. Anastasiya Evgenjevna, Panshin G. L. Gennady Leonidovich, Strokov S. A. Sergey Aleksandrovich
Sammanfattning:Title screen
The Cabibbo-suppressed semileptonic decay B+→pp¯¯¯μ+νμB+→pp¯μ+νμ is observed for the first time using a sample of pp collisions corresponding to an integrated luminosity of 1.0, 2.0 and 1.7 fb−1 at centre-of-mass energies of 7, 8 and 13 TeV, respectively. The differential branching fraction is measured as a function of the pp¯¯¯pp¯ invariant mass using the decay mode B+→ J/ψK+ for normalisation. The total branching fraction is measured to beB(B+→pp¯¯¯μ+νμ)=(5.27+0.23−0.24±0.21±0.15)×10−6,B(B+→pp¯μ+νμ)=(5.27−0.24+0.23±0.21±0.15)×10−6,where the first uncertainty is statistical, the second systematic and the third is from the uncertainty on the branching fraction of the normalisation channel.
Språk:engelska
Publicerad: 2020
Ämnen:
Länkar:https://doi.org/10.1007/JHEP03(2020)146
Materialtyp: Elektronisk Bokavsnitt
KOHA link:https://koha.lib.tpu.ru/cgi-bin/koha/opac-detail.pl?biblionumber=662339

MARC

LEADER 00000naa0a2200000 4500
001 662339
005 20250407143733.0
035 |a (RuTPU)RU\TPU\network\33476 
035 |a RU\TPU\network\27293 
090 |a 662339 
100 |a 20200717d2020 k||y0rusy50 ba 
101 0 |a eng 
102 |a US 
135 |a drcn ---uucaa 
181 0 |a i  
182 0 |a b 
200 1 |a Observation of the semileptonic decay B+→pp¯¯¯μ+νμ  |f R. Aaij, C. A. Beteta, A. E. Kharisova [et al.] 
203 |a Text  |c electronic 
300 |a Title screen 
320 |a [References: 42 tit.] 
330 |a The Cabibbo-suppressed semileptonic decay B+→pp¯¯¯μ+νμB+→pp¯μ+νμ is observed for the first time using a sample of pp collisions corresponding to an integrated luminosity of 1.0, 2.0 and 1.7 fb−1 at centre-of-mass energies of 7, 8 and 13 TeV, respectively. The differential branching fraction is measured as a function of the pp¯¯¯pp¯ invariant mass using the decay mode B+→ J/ψK+ for normalisation. The total branching fraction is measured to beB(B+→pp¯¯¯μ+νμ)=(5.27+0.23−0.24±0.21±0.15)×10−6,B(B+→pp¯μ+νμ)=(5.27−0.24+0.23±0.21±0.15)×10−6,where the first uncertainty is statistical, the second systematic and the third is from the uncertainty on the branching fraction of the normalisation channel. 
461 |t Journal of High Energy Physics 
463 |t Vol. 2020, iss. 3  |v [146, 21 p.]  |d 2020 
610 1 |a электронный ресурс 
610 1 |a труды учёных ТПУ 
610 1 |a B physics 
610 1 |a branching fraction 
610 1 |a flavor physics 
610 1 |a Hadron-Hadron scattering (experiments) 
701 1 |a Aaij  |b R.  |g Roel 
701 1 |a Beteta  |b C. A.  |g Carlos Abellan 
701 1 |a Kharisova  |b A. E.  |c nuclear technology specialist  |c engineer of Tomsk Polytechnic University  |f 1994-  |g Anastasiya Evgenjevna  |3 (RuTPU)RU\TPU\pers\46775 
701 1 |a Panshin  |b G. L.  |c specialist in the field of informatics and computer technology  |c Senior Lecturer at Tomsk Polytechnic University  |f 1987-  |g Gennady Leonidovich  |3 (RuTPU)RU\TPU\pers\40978  |9 21367 
701 1 |a Strokov  |b S. A.  |c physicist  |c engineer of Tomsk Polytechnic University  |f 1977-  |g Sergey Aleksandrovich  |3 (RuTPU)RU\TPU\pers\37442 
712 0 2 |a Национальный исследовательский Томский политехнический университет  |b Исследовательская школа физики высокоэнергетических процессов  |c (2017- )  |3 (RuTPU)RU\TPU\col\23551 
712 0 2 |a Национальный исследовательский Томский политехнический университет  |b Инженерная школа информационных технологий и робототехники  |b Отделение автоматизации и робототехники (ОАР)  |3 (RuTPU)RU\TPU\col\23553 
801 2 |a RU  |b 63413507  |c 20210226  |g RCR 
856 4 |u https://doi.org/10.1007/JHEP03(2020)146 
942 |c CF